Procesy simulácie portfólia pri meraní finančných rizík

Enregistré dans:
Détails bibliographiques
Auteur principal: Gertler, Ľubomíra, 1977-
Format: Chapitre de livre
Langue:slovaque
Tags: Ajouter un tag
Pas de tags, Soyez le premier à ajouter un tag!

MARC

LEADER 00000naa$a2200000$$$4500
001 0065964
005 20221128094607.9
041 0 |a slo 
044 |a SK 
245 1 0 |a Procesy simulácie portfólia pri meraní finančných rizík  |c Ľubomíra Gertler 
100 1 |a Gertler, Ľubomíra, 1977-